logo

Bir Sreshtho Munshi Abdur Rouf Library
Jhenaidah Cadet College

A primer of non-book materials in libraries / (Record no. 7491)

MARC details
000 -LEADER
fixed length control field 00715cam a22002531 4500
001 - CONTROL NUMBER
JCCL Control Number 7491
003 - CONTROL NUMBER IDENTIFIER
JCCL marc code BD-JhCC
005 - DATE AND TIME OF LATEST TRANSACTION
control field 20181006171659.0
008 - FIXED-LENGTH DATA ELEMENTS--GENERAL INFORMATION
fixed length control field 750903s1958 xx 000 0 eng
035 ## - SYSTEM CONTROL NUMBER
system control number (BD-JhCC)7491
035 ## - SYSTEM CONTROL NUMBER
system control number (OCoLC)1596053
040 ## - CATALOGING SOURCE
Original cataloging agency DLC
Transcribing agency NmU
Modifying agency Uk
-- DLC
-- BD-JhCC
041 ## - LANGUAGE CODE
Language code of Book eng
050 00 - LIBRARY OF CONGRESS CALL NUMBER
Classification number Z688.A2
Item number M3
082 ## - DEWEY DECIMAL CLASSIFICATION NUMBER
Classification number 025.17
Author mark and Year MAS 1958
100 1# - MAIN ENTRY--PERSONAL NAME
Personal name Mason, Donald.
245 02 - TITLE STATEMENT
Title A primer of non-book materials in libraries /
Statement of responsibility, etc Donald Mason
260 ## - PUBLICATION, DISTRIBUTION, ETC. (IMPRINT)
Place of publication, distribution, etc London,
Name of publisher, distributor, etc Association of Assistant Librarians,
Date of publication, distribution, etc 1958.
300 ## - PHYSICAL DESCRIPTION
Pagination 115 p.
Other physical details illus.
Dimensions 22 cm.
650 #0 - SUBJECT ADDED ENTRY--TOPICAL TERM
Topical term or geographic name as entry element Libraries
General subdivision Special collections.
740 0# -
Uncontrolled related/analytical title Non-book materials in libraries.
942 ## - ADDED ENTRY ELEMENTS (KOHA)
Source of classification or shelving scheme Dewey Decimal Classification
Koha item type Books
Holdings
Source of classification or shelving scheme Damaged status Not for loan Home library Current library Shelving location Total Checkouts Full call number Barcode Date last seen Copy number Koha item type
Dewey Decimal Classification     JCC Rouf Library JCC Rouf Library General Stacks   025.17 MAS 1958 10065 02/10/2018 C - 1 Books

JCC Library | Contacts | JCC Home

Last Update on 23 September 2017
Copyright @ 2017-2020 JCC Rouf Library
Rouf Library, Jhenidah Cadet College (JCC), Bangladesh